书目信息 |
| 题名: |
实用文体写作
|
|
| 作者: | 赵兵战 , 王利荣 主编 | |
| 分册: | ||
| 出版信息: | 北京 北京理工大学出版社有限责任公司 2017.09 |
|
| 页数: | 221页 | |
| 开本: | 24cm | |
| 丛书名: | ||
| 单 册: | ||
| 中图分类: | H193.6 , H152.3 | |
| 科图分类: | ||
| 主题词: | 应用文--写作--高等职业教育--教材 , 汉语--写作 , 汉语--修辞 | |
| 电子资源: | ||
| ISBN: | 978-7-5682-4427-5 | |
| 000 | 01132nam0 2200277 450 | |
| 001 | 5549 | |
| 005 | 20181016163711.54 | |
| 010 | @a978-7-5682-4427-5@dCNY33.00 | |
| 100 | @a20171222d2017 em y0chiy50 ea | |
| 101 | 0 | @achi |
| 102 | @aCN@b110000 | |
| 105 | @ay z 000yy | |
| 200 | 1 | @a实用文体写作@9shi yong wen ti xie zuo@f赵兵战,王利荣主编 |
| 205 | @a3版 | |
| 210 | @a北京@c北京理工大学出版社有限责任公司@d2017.09 | |
| 215 | @a221页@d24cm | |
| 330 | @a本书共设六个单元,分别讲述了:校园实用文体,主要包括演讲稿、实习报告、实验报告、毕业论文等;求职实用文体,主要包含求职信、求职自传、竞聘词等;事务实用文体,主要以传授计划、总结、调查报告、简报等为主;经济实用文体,含广告、招标投标文书、合同、市场调查报告等文体;信息实用文体,含消息、通讯、网络新闻等;行政公文主要介绍了基本概念和基本格式、常见公文的写作格式和要求以及行文规则。 | |
| 606 | 0 | @a应用文@x写作@x高等职业教育@j教材 |
| 606 | 0 | @a汉语@x写作 |
| 606 | 0 | @a汉语@x修辞 |
| 690 | @aH193.6@v5 | |
| 690 | @aH152.3@v4 | |
| 701 | 0 | @a赵兵战@9zhao bing zhan@4主编 |
| 701 | 0 | @a王利荣@9Wang Li Rong@4主编 |
| 801 | 0 | @aCN@b91MARC@c20171222 |
| 905 | @aMuseLib@dH152.3@e519=3 | |
| 实用文体写作/赵兵战,王利荣主编.-3版.-北京:北京理工大学出版社有限责任公司,2017.09 |
| 221页;24cm |
| ISBN 978-7-5682-4427-5:CNY33.00 |
| 本书共设六个单元,分别讲述了:校园实用文体,主要包括演讲稿、实习报告、实验报告、毕业论文等;求职实用文体,主要包含求职信、求职自传、竞聘词等;事务实用文体,主要以传授计划、总结、调查报告、简报等为主;经济实用文体,含广告、招标投标文书、合同、市场调查报告等文体;信息实用文体,含消息、通讯、网络新闻等;行政公文主要介绍了基本概念和基本格式、常见公文的写作格式和要求以及行文规则。 |
| ● |
| 相关链接 |
|
|
|
|
正题名:实用文体写作
索取号:H152.3/519=3
 
预约/预借
| 序号 | 登录号 | 条形码 | 馆藏地/架位号 | 状态 | 备注 |
| 1 | 1130255 | 211302552 | 第二样本阅览室/ [索取号:H152.3/519=3] | 在馆 | |
| 2 | 1130256 | 211302561 | 第四借阅区/ [索取号:H152.3/519=3] | 在馆 | |
| 3 | 1130257 | 211302570 | 第四借阅区/ [索取号:H152.3/519=3] | 在馆 | |
| 4 | 1130258 | 211302589 | 第四借阅区/ [索取号:H152.3/519=3] | 在馆 | |
| 5 | 1130259 | 211302598 | 密集书库-文学院/ [索取号:H152.3/519=3] | 在馆 |